How to drive a car. (Record no. 548208)
[ view plain ]
| 000 -LEADER | |
|---|---|
| fixed length control field | 00445cas a2200145u 4500 |
| 082 ## - DEWEY DECIMAL CLASSIFICATION NUMBER | |
| Classification number | 629.28 |
| Author Mark | HOW |
| -- | L-17, P-12 |
| 245 00 - TITLE STATEMENT | |
| Title | How to drive a car. |
| 260 ## - PUBLICATION, DISTRIBUTION, ETC. | |
| Place of publication, distribution, etc. | London, |
| -- | Temple press [etc.] |
| 300 ## - PHYSICAL DESCRIPTION | |
| Extent | xiv, 156p |
| Other physical details | illus., diagrs. |
| Dimensions | 19 cm. |
| 526 ## - STUDY PROGRAM INFORMATION NOTE | |
| Program name | 0 |
| Interest level | 0 |
| Reading level | 0 |
| Title point value | 629_280000000000000_HOW |
| 650 #0 - SUBJECT ADDED ENTRY--TOPICAL TERM | |
| Topical term or geographic name entry element | Automobile drivers. |
| 9 (RLIN) | 20750 |
| 650 #0 - SUBJECT ADDED ENTRY--TOPICAL TERM | |
| Topical term or geographic name entry element | MCE |
| 9 (RLIN) | 379 |
| 710 2# - ADDED ENTRY--CORPORATE NAME | |
| Corporate name or jurisdiction name as entry element | British School of Motoring, ltd. [from old catalog] |
| 9 (RLIN) | 44415 |
| 942 ## - ADDED ENTRY ELEMENTS (KOHA) | |
| Source of classification or shelving scheme | |
| Koha item type | Book |
| Withdrawn status | Lost status | Source of classification or shelving scheme | Damaged status | Not for loan | Permanent Location | Current Location | Date acquired | Total Checkouts | Full call number | Barcode | Date last seen | Price effective from | Koha item type |
|---|---|---|---|---|---|---|---|---|---|---|---|---|---|
| Military College of Engineering (MCE) | Military College of Engineering (MCE) | 08/25/2014 | 629.28 HOW | MCE-41003 | 08/25/2014 | 08/25/2014 | Book |
